01697 a2200229 4500003000500000005001700005010001600022040000900038082001100047100002400058245007800082260005200160300001700212505077200229538003101001942001201032999001901044952010101063952010101164952010101265952010101366Nust20170207154158.0 b0139141014  cNust a621.38 aRabiner, Lawrence R aTheory and Application of Digital Signal Processing cRabiner, Lawrence R aEnglewood Cliffs, N.JbPrentice-Hall, c[1975]  a xv, 762 p.  aIntroduction (Page-1) Theory of Discrete-Time Linear Systems (Page-9) The Theory and Approximation of Finite Duration Impulse Response Digital Filters (Page-75) Theory and Approximation of in Finite Impulse Response Digital (Page-205) Finite Word Length Effects in Digital Filters (Page-295) Spectrum Analysis and the Fast Fourier Transform (Page-356) An Introduction to the Theory of Two-Dimensional Signal Processing (Page-438) Introduction to digital Hardware (Page-484) Special Purpose Hardware for Digital Filtering and Signal Generation (Page-541) Special Purpose Hardware for the FFT (Page-573) General-Purpose Hardware for Signal Processing Facilities (Page-627) Applications of Digital Signal Processing to Speech (Page-658) Applications to Radar (Page-709)  aAlmirah No.127 Shelf No.1  2ddccBK c194603d194603 00102ddc40708NFICamcsbMCSd2016-12-12l0o621.38 BERpMCS9872r2016-12-08w2016-12-12yBK 00102ddc40708NFICamcsbMCSd2016-12-12l0o621.38 BERpMCS9880r2016-12-08w2016-12-12yBK 00102ddc40708NFICamcsbMCSd2016-12-12l0o621.38 BERpMCS9921r2016-12-08w2016-12-12yBK 00102ddc40708NFICamcsbMCSd2016-12-12l0o621.38 BERpMCS9942r2016-12-08w2016-12-12yBK